Step silently and you will see... (Record no. 799635)

MARC details
000 -LEADER
fixed length control field 00600nam a22001817r 4500
003 - CONTROL NUMBER IDENTIFIER
control field 3228
005 - DATE AND TIME OF LATEST TRANSACTION
control field 20260603150044.0
008 - FIXED-LENGTH DATA ELEMENTS--GENERAL INFORMATION
fixed length control field 260603b sa ||||| |||| 00| 0 eng d
020 ## - INTERNATIONAL STANDARD BOOK NUMBER
International Standard Book Number 9780798014849
Qualifying information Hardcopy
040 ## - CATALOGING SOURCE
Original cataloging agency MPL
Transcribing agency 3228
Description conventions Resource Description and Access
082 #0 - DEWEY DECIMAL CLASSIFICATION NUMBER
Classification number EKF WIL
100 ## - MAIN ENTRY--PERSONAL NAME
9 (RLIN) 147690
Personal name Leanne Williamson
245 ## - TITLE STATEMENT
Title Step silently and you will see...
Remainder of title An educational book dealing with simple NUMBER COMBINATIONS up to and including 10
260 ## - PUBLICATION, DISTRIBUTION, ETC.
Place of publication, distribution, etc. Johannesburg;
Name of publisher, distributor, etc. Educum Publishers,
Date of publication, distribution, etc. 1990
300 ## - PHYSICAL DESCRIPTION
Extent 26 pages
Other physical details Colour Illustrations
Dimensions 22 cm
490 ## - SERIES STATEMENT
Series statement Learning the fun-way
942 ## - ADDED ENTRY ELEMENTS
Source of classification or shelving scheme Dewey Decimal Classification
item type Book
-- 377
-- Lungile Vilakazi
-- 377
-- Lungile Vilakazi
Holdings
Withdrawn status Lost status Source of classification or shelving scheme Damaged status Not for loan Collection code Home library Current library Shelving location Date acquired Total Checkouts Full call number Barcode Date last seen Price effective from item type
    Dewey Decimal Classification     Nursery Milan Park Milan Park Children's Area 03.06.2026   EKF WIL 33228013682156 03.06.2026 03.06.2026 Book